Účasť metabolickej acidózy na progresii nefropatií

Bibliographic Details
Main Authors: Dzúrik, Rastislav, 1929-2014 (Author), Spustová, Viera, 1947- (Author), Krivošíková, Z. (Author)
Format: Article
Language:Slovak
ISSN:0006-9248
Subjects:

MARC

LEADER 00000nab a2200000 a 4500
001 vtls000708232
003 SK-MaSNL
005 20260304030550.0
008 140414c1999 xo 0 slo
015 |a SNBRB1999/10-22664 
035 |a CLN000060399 
040 |a SNKBUCL  |b slo  |c SNKBUCL  |e AACR2 
041 0 |a slo 
044 |a xo  |c SK 
080 |a 616.61  |2 1997 
100 1 |a Dzúrik, Rastislav,  |d 1929-2014  |4 aut  |9 13378 
245 1 0 |a Účasť metabolickej acidózy na progresii nefropatií  |c R. Dzúrik, V. Spustová, Z. Krivošíková 
650 0 7 |a nefropatia  |2 snkbucl  |9 17651 
650 0 7 |a acidóza metabolická  |2 snkbucl  |9 1309008 
655 7 |a články z novín a časopisov  |2 snkbucl  |9 267496 
700 1 |a Spustová, Viera,  |d 1947-  |4 aut  |9 240811 
700 1 |a Krivošíková, Z.  |4 aut  |9 1250883 
773 0 |t Bratislavské lekárske listy  |g Roč. 100, č. 7 (1999), s. 407  |x 0006-9248 
850 |a Slovenská národná knižnica v Martine 
852 |a SNK  |b KIS3GCP 
958 |a MI 
992 |a RBX 
999 |c 2634721  |d 2636651